Statistics for Margaret Qualley Filmography

Click here to take the quiz!

General Stats

  • This quiz has been taken 5 times
    (2 since last reset)
  • The average score is 3 of 32

Answer Stats

TypeYearName% Correct
Web Mini-Series2021Maid
100%
Film2019Once Upon a Time in Hollywood
100%
Film2023Drive-Away Dolls
50%
Film2016The Nice Guys
50%
Web Series2020Acting for a Cause
0%
Film2019Adam
0%
FilmTBAAND
0%
TV Short2018Asesinato en el Hormiguero Express
0%
Film2017Death Note
0%
Video Game2019Death Stranding
0%
Film2018Donnybrook
0%
Short Film2016Dream Girl
0%
TV Mini-Series2019Fosse/Verdon
0%
FilmTBAFred & Ginger
0%
Film2019Io
0%
Short Film2016Kenzo World
0%
Short Film2018Light Beings
0%
Short Film2020Love Me Like You Hate Me
0%
Film2020My Salinger Year
0%
Film2019Native Son
0%
Film2017Novitiate
0%
Film2013Palo Alto
0%
Film2023Poor Things
0%
Film2022Sanctuary
0%
Film2019Seberg
0%
Film2022Stars at Noon
0%
Film2019Strange but True
0%
TV Show2014The Fashion Fund
0%
TV Show2014-2017The Leftovers
0%
FilmTBAThe Substance
0%
Film2017The Vanishing of Sidney Hall
0%
Short Film2020Wake Up
0%

Score Distribution

Percentile by Number Answered

Percent of People with Each Score

Your Score History

You have not taken this quiz since the last reset